Adaptívne LQG riadenie

Na minha lista:
Detalhes bibliográficos
Autor principal: Diko, Radovan (Author)
Outros Autores: Miklovičová, Eva, 1967- (Thesis advisor)
Formato: Manuscrito Livro
Idioma:eslovaco
Publicado em: Bratislava : STU v Bratislave FEI, 2001
Assuntos:
Tags: Adicionar Tag
Sem tags, seja o primeiro a adicionar uma tag!

MARC

LEADER 00000ntm a22000003a 4500
001 stu73490
005 20160719164802.0
008 020130s2001------------------------slo-d
040 |a STU  |b slo 
041 0 |a slo 
100 1 |a Diko, Radovan  |4 aut 
245 1 |a Adaptívne LQG riadenie 
260 |a Bratislava :  |b STU v Bratislave FEI,  |c 2001 
300 |a 66 s 
650 7 |a automatizácia  |2 stusub 
700 1 |a Miklovičová, Eva,  |d 1967-  |4 ths  |u E011  |U FEI Fakulta elektrotechniky a informatiky  |T FEI Ústav robotiky a kybernetiky  |X 4909  |U E011  |Y 356  |7 A000004909